00609nam a2200229Ia 4500001000900000003000500009005001700014008004100031010001100072020001800083040000900101082001700110100002100127245008300148260003100231300001100262503000800273504003100281650001700312650001400329700003600343dia_3497CHAP20230531113747.0220117s2004 xx 000 0 und d a173957 a968-7903-74-0 cCHAP a330 B46 2004 aBendesky, León aTemas de economía /c León Bendesky ; edición Mónica Lobatón Díaz aMéxico :b Edere,c2004 a238 p. aC/e aBibliografía: p. 223-225 aEconomía  aEconomics aLobatón Díaz, Mónica, ed.